000 00481nam a22001817a 4500
003 CEME
005 20210628205503.0
008 210305b xxu||||| |||| 00| 0 eng d
020 _a0-07-031337-7
040 _c.
082 _a620.86 HUN'E
100 _aHunter, Thomas A
_940699
245 _aEngineering design for safety
260 _aNEWYORK
_bMCGRAW HILL
_c1992
300 _a298P
650 _aHUMAN ENGINEERING PRODUCT SAFETY INDUSTRIAL SAFETY
_975767
942 _cBK
_2ddc
999 _c581164
_d581164